[Event "CAN-op"]
[Site "Edmonton CAN"]
[Date "2000.07.10"]
[Round "4"]
[White "Anderson, Ashton"]
[Black "Clemens, John"]
[Result "1-0"]
[WhiteElo "1764"]
[BlackElo "1564"]
[PlyCount "157"]
[GameId "2160767911686334"]
[EventDate "2000.07.08"]
[EventType "swiss"]
[EventRounds "10"]
[EventCountry "CAN"]

1. e4 e5 2. Nf3 Nc6 3. Bc4 Bc5 4. O-O Nf6 5. Re1 O-O 6. c3 d6 7. d4 Bb6 8. h3 h6 9. dxe5 Nxe5 10. Nxe5 dxe5 11. Nd2 Qe7 12. Qf3 c6 13. Nf1 Kh7 14. Be3 Bc7 15. Rad1 b6 16. Ng3 g6 17. Rd3 Bd7 18. Red1 Rad8 19. Qe2 Ng8 20. Qd2 Bc8 21. Kh2 Rxd3 22. Bxd3 Be6 23. b3 f5 24. exf5 gxf5 25. f4 e4 26. Bf1 Nf6 27. c4 c5 28. Ne2 Nh5 29. g3 Qg7 30. Bf2 Rg8 31. Qc3 Qg6 32. b4 cxb4 33. Qxb4 Qf7 34. Nd4 a5 35. Qd2 Rd8 36. Qe2 Bd7 37. Rb1 Rb8 38. Nb5 Bd8 39. Bd4 Nf6 40. Be5 Ra8 41. Rd1 Be6 42. g4 Be7 43. Nc7 Rg8 44. Nxe6 Qxe6 45. gxf5 Qxf5 46. Bg2 e3 47. Qxe3 Qc2 48. Qd3+ Qxd3 49. Rxd3 Rg7 50. Bd6 Ne8 51. Be5 Bf6 52. Bxf6 Nxf6 53. Kg1 Ne4 54. Kf1 Nc5 55. Rd4 Rg6 56. Kf2 Rf6 57. Ke3 Kg6 58. Rd5 Kf7 59. Be4 Re6 60. Re5 Rd6 61. Bd5+ Kf6 62. Kf3 Kg7 63. Re7+ Kf6 64. Rf7+ Kg6 65. Rf8 Kg7 66. Rf7+ Kg6 67. Rc7 Kf5 68. Rc6 Rxc6 69. Bxc6 a4 70. a3 Kg6 71. h4 h5 72. Be8+ Kh6 73. Ke3 Kg7 74. Bxh5 Kh6 75. Be8 Kg7 76. Kd4 Kf6 77. Kd5 Kf5 78. h5 Kf6 79. h6 1-0

[Event "CAN-op"]
[Site "Edmonton CAN"]
[Date "2000.07.10"]
[Round "4"]
[White "Beebe, Greg"]
[Black "Stringer, Lynn"]
[Result "1-0"]
[WhiteElo "1861"]
[BlackElo "1656"]
[PlyCount "99"]
[GameId "2160767911686335"]
[EventDate "2000.07.08"]
[EventType "swiss"]
[EventRounds "10"]
[EventCountry "CAN"]

1. e4 c5 2. Nf3 Nc6 3. d4 cxd4 4. Nxd4 Nf6 5. Nc3 d6 6. Bc4 e6 7. O-O Be7 8. Re1 O-O 9. a3 a6 10. b4 Qc7 11. Bb2 Ne5 12. Bb3 b6 13. f3 Bb7 14. Bxe6 Rfe8 15. Bb3 Rad8 16. Qc1 d5 17. Nf5 Bf8 18. Qg5 Ng6 19. exd5 Rxe1+ 20. Rxe1 Nxd5 21. Nxd5 Bxd5 22. Bxd5 Rxd5 23. Nh6+ gxh6 24. Qxd5 Qxc2 25. Qd4 Qf5 26. Rc1 a5 27. Qxb6 axb4 28. axb4 Nf4 29. Qf2 Bxb4 30. Qg3+ Qg5 31. Rc8+ Bf8 32. Qxg5+ hxg5 33. Bf6 h6 34. h4 Ne6 35. hxg5 hxg5 36. g3 Kh7 37. Kg2 Kg6 38. Bc3 f6 39. Rc6 Kf7 40. Ra6 Bg7 41. Kf2 Bf8 42. Rc6 Be7 43. Ke3 f5 44. g4 f4+ 45. Ke4 Ng7 46. Bxg7 Kxg7 47. Kf5 Kf7 48. Rc7 Ke8 49. Rxe7+ Kxe7 50. Kxg5 1-0

[Event "CAN-op"]
[Site "Edmonton CAN"]
[Date "2000.07.10"]
[Round "4"]
[White "Boehmer, Kris"]
[Black "Climenhaga, Harold"]
[Result "1-0"]
[WhiteElo "2140"]
[BlackElo "1938"]
[PlyCount "55"]
[GameId "2160767911686336"]
[EventDate "2000.07.08"]
[EventType "swiss"]
[EventRounds "10"]
[EventCountry "CAN"]

1. d4 Nf6 2. Nf3 d5 3. e3 e6 4. Bd3 Nbd7 5. Nbd2 c5 6. c3 Be7 7. O-O O-O 8. Qe2 Qc7 9. e4 dxe4 10. Nxe4 Nxe4 11. Bxe4 Nf6 12. Bc2 b6 13. Bg5 Bb7 14. Rfe1 Bxf3 15. Qxf3 cxd4 16. Qd3 g6 17. Qxd4 Rad8 18. Qh4 Nd5 19. Rad1 Bxg5 20. Qxg5 Rd6 21. h4 Rfd8 22. h5 f6 23. Qg4 f5 24. Qg3 R6d7 25. hxg6 Qxg3 26. gxh7+ Kxh7 27. fxg3 Rd6 28. Rxe6 1-0

[Event "CAN-op"]
[Site "Edmonton CAN"]
[Date "2000.07.10"]
[Round "4"]
[White "Bojovic, Gavrilo"]
[Black "Haynes, Nicolas"]
[Result "0-1"]
[WhiteElo "2093"]
[BlackElo "1795"]
[PlyCount "72"]
[GameId "2160767911686337"]
[EventDate "2000.07.08"]
[EventType "swiss"]
[EventRounds "10"]
[EventCountry "CAN"]

1. e4 e6 2. d4 d5 3. e5 c5 4. c3 Nc6 5. Nf3 Qb6 6. Bd3 Bd7 7. O-O cxd4 8. cxd4 Nxd4 9. Nxd4 Qxd4 10. Nc3 Qxe5 11. Re1 Qb8 12. Nxd5 Bd6 13. h3 Ne7 14. Nc3 Nc6 15. Qg4 Be5 16. Rxe5 Qxe5 17. Bf4 h5 18. Qg3 h4 19. Qg4 Qh5 20. Qxg7 O-O-O 21. Nb5 e5 22. Qf6 Be6 23. Rc1 Kb8 24. Be4 exf4 25. Bxc6 bxc6 26. Qxf4+ Ka8 27. Nc7+ Kb7 28. Qa4 Rd6 29. Qa6+ Kxc7 30. Qxa7+ Kd8 31. Rc5 Bd5 32. a4 Qg6 33. Qb8+ Ke7 34. Qc7+ Ke6 35. g4 hxg3 36. Rc3 Qb1+ 0-1

[Event "CAN-op"]
[Site "Edmonton CAN"]
[Date "2000.07.10"]
[Round "4"]
[White "Bowerman, Robert"]
[Black "Miller, Brian"]
[Result "1-0"]
[WhiteElo "2116"]
[BlackElo "1854"]
[PlyCount "95"]
[GameId "2160767911686338"]
[EventDate "2000.07.08"]
[EventType "swiss"]
[EventRounds "10"]
[EventCountry "CAN"]

1. d4 d5 2. c4 e6 3. Nc3 Nf6 4. cxd5 exd5 5. Bg5 Be7 6. e3 O-O 7. Bd3 c6 8. Qc2 Nbd7 9. Nge2 h6 10. Bh4 Re8 11. f3 Nh5 12. Bf2 Bg5 13. e4 dxe4 14. fxe4 Nf4 15. Nxf4 Bxf4 16. O-O Qg5 17. Rae1 Nf6 18. Ne2 Bxh2+ 19. Kxh2 Ng4+ 20. Kg1 Qh5 21. Bg3 Ne3 22. Qc1 Nxf1 23. Rxf1 Bg4 24. Nc3 Rad8 25. Bc4 Be6 26. d5 cxd5 27. exd5 Bd7 28. Qf4 Rc8 29. Bb3 Red8 30. a4 a6 31. Ne4 Be8 32. Nd6 Rb8 33. Nxe8 Rxe8 34. d6 Rf8 35. d7 Rbd8 36. Qc7 Qg5 37. Bd6 Qe3+ 38. Kh1 Qxb3 39. Bxf8 Rxf8 40. d8=Q Rxd8 41. Qxd8+ Kh7 42. Qd1 Qc4 43. Qf3 Kg8 44. Rd1 Qc7 45. Qf5 Qe7 46. Qd7 Qh4+ 47. Kg1 Qh5 48. Qe8+ 1-0

[Event "CAN-op"]
[Site "Edmonton CAN"]
[Date "2000.07.10"]
[Round "4"]
[White "Bowles, Charles"]
[Black "Birgani, Farokh"]
[Result "0-1"]
[WhiteElo "1632"]
[BlackElo "1685"]
[PlyCount "78"]
[GameId "2160767911686339"]
[EventDate "2000.07.08"]
[EventType "swiss"]
[EventRounds "10"]
[EventCountry "CAN"]

1. Nf3 Nc6 2. e4 e5 3. d3 Be7 4. g3 d6 5. Bg2 Bg4 6. Nbd2 d5 7. h3 dxe4 8. dxe4 Bh5 9. g4 Bg6 10. O-O h5 11. Nh2 Bc5 12. c3 a6 13. Qe2 hxg4 14. hxg4 Qd6 15. b4 Ba7 16. Nc4 Qe7 17. g5 Nd8 18. Be3 Bxe3 19. Qxe3 b5 20. Nd2 Ne6 21. f4 Nxf4 22. Rxf4 exf4 23. Qxf4 O-O-O 24. a4 c5 25. axb5 cxb4 26. Rxa6 Qc5+ 27. Kh1 Qxb5 28. Ra8+ Kd7 29. Rxd8+ Kxd8 30. Qd6+ Ke8 31. cxb4 Qxg5 32. e5 Ne7 33. Qb8+ Nc8 34. Qxc8+ Qd8 35. Qc6+ Kf8 36. Qd6+ Qe7 37. Qb8+ Qe8 38. Qxe8+ Kxe8 39. b5 Kd8 0-1

[Event "CAN-op"]
[Site "Edmonton CAN"]
[Date "2000.07.10"]
[Round "4"]
[White "Buitendyk, Theo"]
[Black "Campbell, John"]
[Result "1-0"]
[WhiteElo "1731"]
[BlackElo "1455"]
[PlyCount "49"]
[GameId "2160767911686340"]
[EventDate "2000.07.08"]
[EventType "swiss"]
[EventRounds "10"]
[EventCountry "CAN"]

1. e4 e5 2. Nf3 Nc6 3. Bc4 Nf6 4. O-O Be7 5. Nc3 d6 6. h3 Be6 7. Bxe6 fxe6 8. d4 exd4 9. Nxd4 Qd7 10. Be3 a6 11. a3 O-O-O 12. Qe2 Nxd4 13. Bxd4 e5 14. Be3 g5 15. Bxg5 Rdg8 16. f4 h6 17. Bxf6 Bxf6 18. Nd5 Bh4 19. f5 Rg3 20. Rf3 Rhg8 21. Rxg3 Bxg3 22. Nf6 Qg7 23. Nxg8 Qxg8 24. Qh5 Bf4 25. Qg6 1-0

[Event "CAN-op"]
[Site "Edmonton CAN"]
[Date "2000.07.10"]
[Round "4"]
[White "Caron, Harvey"]
[Black "Goutor, Valentina"]
[Result "1/2-1/2"]
[WhiteElo "1736"]
[BlackElo "1605"]
[PlyCount "62"]
[GameId "2160767911686341"]
[EventDate "2000.07.08"]
[EventType "swiss"]
[EventRounds "10"]
[EventCountry "CAN"]

1. d4 f5 2. Nc3 Nf6 3. Nf3 g6 4. Bf4 Bg7 5. e3 O-O 6. Bd3 d6 7. O-O h6 8. Bg3 c6 9. e4 e6 10. exf5 exf5 11. Re1 g5 12. h3 f4 13. Bh2 Nh7 14. Bg6 Bf5 15. Bxf5 Rxf5 16. Qd3 Rf7 17. Re2 Nd7 18. Rae1 Ndf6 19. Nd2 Qd7 20. Nde4 Re8 21. Nxf6+ Nxf6 22. Ne4 Nxe4 23. Rxe4 Rxe4 24. Qxe4 d5 25. Qe8+ Qxe8 26. Rxe8+ Rf8 27. Rxf8+ Kxf8 28. c3 h5 29. f3 h4 30. b4 b5 31. Kf1 a6 1/2-1/2

[Event "CAN-op"]
[Site "Edmonton CAN"]
[Date "2000.07.10"]
[Round "4"]
[White "Chi, Jonathan"]
[Black "Davies, Noam"]
[Result "1/2-1/2"]
[WhiteElo "1392"]
[BlackElo "1485"]
[PlyCount "83"]
[GameId "2160767911686342"]
[EventDate "2000.07.08"]
[EventType "swiss"]
[EventRounds "10"]
[EventCountry "CAN"]

1. d4 d5 2. c4 e6 3. Nc3 Nf6 4. Bg5 Nbd7 5. Nf3 h6 6. Bh4 c6 7. e3 Qb6 8. Qc2 Bb4 9. a3 Bxc3+ 10. Qxc3 Ne4 11. Qc2 O-O 12. Bd3 Nef6 13. O-O Kh8 14. Rfe1 c5 15. dxc5 Qxc5 16. cxd5 Qxc2 17. Bxc2 Nxd5 18. Bb3 N5f6 19. Rac1 b6 20. Red1 Nc5 21. Bc2 Nd5 22. Ne5 Nd7 23. Nxd7 Bxd7 24. Bb3 g5 25. Bg3 Rac8 26. Rxc8 Rxc8 27. h3 Bc6 28. Rc1 Bb7 29. Rxc8+ Bxc8 30. Kf1 Kg8 31. Ke2 Ne7 32. Bc4 Bb7 33. f3 Kf8 34. e4 Ke8 35. Kd3 Kd7 36. Kd4 Nc6+ 37. Kc3 a6 38. b4 b5 39. Bb3 f6 40. Kd3 e5 41. Bf2 Ne7 42. g3 1/2-1/2

[Event "CAN-op"]
[Site "Edmonton CAN"]
[Date "2000.07.10"]
[Round "4"]
[White "Chiba, James"]
[Black "Goutor, Yaroslav"]
[Result "0-1"]
[WhiteElo "1750"]
[BlackElo "1493"]
[PlyCount "72"]
[GameId "2160767911686343"]
[EventDate "2000.07.08"]
[EventType "swiss"]
[EventRounds "10"]
[EventCountry "CAN"]

1. e4 e5 2. Nc3 Nf6 3. Bc4 Nxe4 4. Qh5 d5 5. Bxd5 Ng5 6. d3 Ne6 7. Qxe5 Bd6 8. Qh5 O-O 9. Be4 g6 10. Qd1 Re8 11. Nf3 c6 12. Be3 f5 13. Qd2 fxe4 14. Nxe4 Rf8 15. O-O-O Bf4 16. Bxf4 Nxf4 17. g3 Bg4 18. Nfg5 Ne6 19. Rde1 Nxg5 20. Nxg5 Nd7 21. f4 h6 22. h3 Bf5 23. g4 hxg5 24. gxf5 gxf4 25. fxg6 Qf6 26. h4 Ne5 27. Qg2 f3 28. Qg3 f2 29. Ref1 Qf4+ 30. Qxf4 Rxf4 31. Rh2 Raf8 32. h5 Ng4 33. Rg2 Ne3 34. g7 R8f7 35. h6 Nxg2 36. Kd2 Rh4 0-1

[Event "CAN-op"]
[Site "Edmonton CAN"]
[Date "2000.07.10"]
[Round "4"]
[White "Chow, Vincent"]
[Black "Yamach, Ahmet"]
[Result "1-0"]
[WhiteElo "2042"]
[BlackElo "1771"]
[PlyCount "51"]
[GameId "2160767911686344"]
[EventDate "2000.07.08"]
[EventType "swiss"]
[EventRounds "10"]
[EventCountry "CAN"]

1. d4 d5 2. c4 e6 3. Nc3 Nf6 4. Bg5 Be7 5. e3 h6 6. Bxf6 Bxf6 7. Nf3 Be7 8. Qc2 b6 9. cxd5 exd5 10. Rc1 O-O 11. Bd3 Bb4 12. O-O Bxc3 13. Qxc3 c6 14. Ne5 Bb7 15. Bc2 Qg5 16. Qd3 f5 17. f4 Qf6 18. Rf3 c5 19. g4 g6 20. gxf5 gxf5 21. Kh1 Kh7 22. Rg1 c4 23. Qe2 Rg8 24. Rxg8 Kxg8 25. Rg3+ Kf8 26. Qg2 1-0

[Event "CAN-op"]
[Site "Edmonton CAN"]
[Date "2000.07.10"]
[Round "4"]
[White "Chranowski, Rick"]
[Black "Strub, Michael"]
[Result "1-0"]
[WhiteElo "1882"]
[BlackElo "1579"]
[PlyCount "51"]
[GameId "2160767911686345"]
[EventDate "2000.07.08"]
[EventType "swiss"]
[EventRounds "10"]
[EventCountry "CAN"]

1. Nc3 d5 2. e4 d4 3. Nce2 e5 4. f4 f6 5. Nf3 Bd6 6. fxe5 fxe5 7. Ng3 Nf6 8. Bc4 Nc6 9. a3 Qe7 10. O-O g6 11. d3 Bd7 12. Bg5 Rf8 13. Bh6 Rh8 14. Ng5 O-O-O 15. Nf7 Ng4 16. Bg5 Ne3 17. Bxe7 Nxd1 18. Bxd8 Rxd8 19. Nxd8 Ne3 20. Nxc6 Nxf1 21. Nxa7+ Kb8 22. Rxf1 Kxa7 23. Rf7 Bg4 24. Rxh7 Bd1 25. Bb3 c5 26. Rh6 1-0

[Event "CAN-op"]
[Site "Edmonton CAN"]
[Date "2000.07.10"]
[Round "4"]
[White "Daku, Zoltan"]
[Black "Campbell, Jamie"]
[Result "1-0"]
[WhiteElo "1717"]
[BlackElo "1436"]
[PlyCount "59"]
[GameId "2160767911686346"]
[EventDate "2000.07.08"]
[EventType "swiss"]
[EventRounds "10"]
[EventCountry "CAN"]

1. d4 Nf6 2. Nf3 g6 3. e3 Bg7 4. Bd3 O-O 5. Nbd2 d5 6. O-O c6 7. c3 Ne8 8. e4 Qc7 9. Re1 Nd7 10. exd5 cxd5 11. Rxe7 Bf6 12. Re2 b6 13. Qe1 Bb7 14. Ne5 Nd6 15. Nxd7 Qxd7 16. Nf3 Ne4 17. Bf4 Rfe8 18. Ne5 Qf5 19. Bg3 Qh5 20. Nd7 Bc6 21. Nxf6+ Nxf6 22. f3 Rxe2 23. Qxe2 Re8 24. Qd2 g5 25. Re1 Rxe1+ 26. Qxe1 Nd7 27. Qe8+ Kg7 28. Be5+ Nxe5 29. Qxe5+ f6 30. Qc7+ 1-0

[Event "CAN-op"]
[Site "Edmonton CAN"]
[Date "2000.07.10"]
[Round "4"]
[White "Das, Samir"]
[Black "Tsui, Alick"]
[Result "1-0"]
[WhiteElo "1396"]
[BlackElo "1106"]
[PlyCount "65"]
[GameId "2160767911686347"]
[EventDate "2000.07.08"]
[EventType "swiss"]
[EventRounds "10"]
[EventCountry "CAN"]

1. e4 c5 2. Bc4 Nc6 3. Nc3 d6 4. Nf3 Bg4 5. O-O e5 6. d3 h6 7. Qe2 Nd4 8. Qe3 Be7 9. Ne1 Bg5 10. f4 exf4 11. Qf2 b5 12. Bxb5+ Bd7 13. Bxd7+ Qxd7 14. Bxf4 f6 15. Bxg5 hxg5 16. Nd5 O-O-O 17. Nf3 Ne6 18. Qd2 Nh6 19. Qc3 Nf4 20. Nxf4 gxf4 21. d4 Ng4 22. dxc5 Kb8 23. c6 Qc7 24. b4 Qb6+ 25. Nd4 Kc7 26. h3 Ne5 27. b5 f3 28. Kh1 Rde8 29. a4 a5 30. Nxf3 Ng4 31. Qc4 Nf2+ 32. Rxf2 Qxf2 33. Qf7+ 1-0

[Event "CAN-op"]
[Site "Edmonton CAN"]
[Date "2000.07.10"]
[Round "4"]
[White "Dean, Tim"]
[Black "Hinds, Ronald"]
[Result "1-0"]
[WhiteElo "1853"]
[BlackElo "2049"]
[PlyCount "73"]
[GameId "2160767911686348"]
[EventDate "2000.07.08"]
[EventType "swiss"]
[EventRounds "10"]
[EventCountry "CAN"]

1. e4 c5 2. Nf3 e6 3. d4 cxd4 4. Nxd4 Nf6 5. Nc3 d6 6. Be2 Nc6 7. Be3 Be7 8. O-O O-O 9. f4 e5 10. Nb3 exf4 11. Bxf4 Be6 12. Bf3 Ne5 13. Nd5 Bxd5 14. exd5 Nfd7 15. Kh1 Ng6 16. Bg3 Nde5 17. Nd4 Bf6 18. Be4 Bh4 19. Bxg6 Nxg6 20. Bxh4 Qxh4 21. Nf5 Qd8 22. Qd4 Ne5 23. Qb4 Rc8 24. c3 Nc4 25. b3 Nb6 26. Qg4 g6 27. Nh6+ Kg7 28. Rxf7+ Rxf7 29. Nxf7 Qf6 30. Ng5 Rxc3 31. Ne4 Qd4 32. Qe6 Rc7 33. Rf1 Nxd5 34. Nxd6 Nf6 35. Qxf6+ Qxf6 36. Ne8+ Kf7 37. Nxf6 1-0

[Event "CAN-op"]
[Site "Edmonton CAN"]
[Date "2000.07.10"]
[Round "4"]
[White "Deane, Lloyd"]
[Black "Arseneau, Peter"]
[Result "0-1"]
[WhiteElo "1582"]
[BlackElo "1896"]
[PlyCount "114"]
[GameId "2160767911686349"]
[EventDate "2000.07.08"]
[EventType "swiss"]
[EventRounds "10"]
[EventCountry "CAN"]

1. b3 Nf6 2. Bb2 d5 3. e3 g6 4. g3 Bg7 5. Bg2 O-O 6. Ne2 Nbd7 7. d4 c6 8. O-O Re8 9. Nd2 e5 10. c4 e4 11. Rc1 Nf8 12. Nf4 Bg4 13. f3 exf3 14. Bxf3 h5 15. h3 Bxf3 16. Qxf3 Qe7 17. Ng2 N8h7 18. h4 Ng4 19. e4 dxe4 20. Nxe4 Qxe4 21. Qxf7+ Kh8 22. Rce1 Bxd4+ 23. Kh1 Bxb2 24. Rxe4 Rxe4 25. Nf4 Ne5 26. Nxg6+ Nxg6 27. Qxg6 Rg4 28. Qxh5 Rxg3 29. Rf7 Rg7 30. Rxg7 Bxg7 31. Qf7 Rg8 32. Qxb7 Bd4 33. Qxc6 Nf6 34. Qd6 Rg1+ 35. Kh2 Ng4+ 36. Kh3 Nf2+ 37. Kh2 Rg4 38. c5 Rxh4+ 39. Kg3 Ne4+ 40. Kxh4 Nxd6 41. cxd6 Kg7 42. Kg5 Kf7 43. Kf5 Bb2 44. b4 Ba3 45. Ke5 Bxb4 46. Kd5 Ke8 47. Kc6 Kd8 48. d7 Bd2 49. a4 a5 50. Kd6 Bf4+ 51. Kc6 Bc7 52. Kc5 Kxd7 53. Kd5 Bb6 54. Kc4 Kc6 55. Kd3 Kd5 56. Kc3 Bc5 57. Kb3 Kd4 0-1

[Event "CAN-op"]
[Site "Edmonton CAN"]
[Date "2000.07.10"]
[Round "4"]
[White "Deimert, David"]
[Black "Gibson, Vince"]
[Result "0-1"]
[WhiteElo "1099"]
[BlackElo "1446"]
[PlyCount "104"]
[GameId "2160767911686350"]
[EventDate "2000.07.08"]
[EventType "swiss"]
[EventRounds "10"]
[EventCountry "CAN"]

1. d4 Nf6 2. c4 g6 3. Nc3 Bg7 4. Nf3 d6 5. e4 c6 6. Bd3 Nbd7 7. O-O Qc7 8. Bf4 e5 9. dxe5 dxe5 10. Be3 c5 11. Qd2 Ng4 12. Bg5 h6 13. Bh4 O-O 14. Nd5 Qd6 15. Be7 Qe6 16. Bxf8 Kxf8 17. Nc7 Qd6 18. Nxa8 f5 19. Rfd1 f4 20. Bc2 Qb8 21. Qd6+ Qxd6 22. Rxd6 Kf7 23. Ba4 Ngf6 24. Bxd7 Bxd7 25. Re1 Bc6 26. Nd2 Ne8 27. Rd3 b5 28. f3 bxc4 29. Nxc4 Bxa8 30. Nd6+ Nxd6 31. Rxd6 Bf8 32. Rd7+ Kg8 33. Rxa7 Bc6 34. Rc7 Bb5 35. Rd1 c4 36. Rd8 Ba6 37. Rc6 Bb5 38. Rxg6+ Kf7 39. Rb6 Bc5+ 40. Kf1 Bxb6 41. Ke1 Bxd8 42. Kd2 Ba5+ 43. Kc2 Ba4+ 44. b3 cxb3+ 45. axb3 Bd7 46. Kb2 Bb4 47. Kc2 Bb5 48. Kb2 Kf6 49. Kc1 h5 50. Kb2 Kg5 51. Kc2 Kh4 52. Kb2 Bf1 0-1

[Event "CAN-op"]
[Site "Edmonton CAN"]
[Date "2000.07.10"]
[Round "4"]
[White "Faust, Steven"]
[Black "Kuczaj, Chris"]
[Result "0-1"]
[WhiteElo "1874"]
[BlackElo "2072"]
[PlyCount "108"]
[GameId "2160767911686351"]
[EventDate "2000.07.08"]
[EventType "swiss"]
[EventRounds "10"]
[EventCountry "CAN"]

1. e4 c5 2. Nf3 Nc6 3. d4 cxd4 4. Nxd4 e6 5. Nc3 Qc7 6. Be2 Nf6 7. O-O a6 8. a3 b5 9. Bf3 Ne5 10. Kh1 Nxf3 11. Qxf3 Qe5 12. Qd3 Bb7 13. f3 Be7 14. Nde2 Qc7 15. Bf4 d6 16. Ng3 O-O 17. Rad1 Rfd8 18. Qe2 Nd7 19. Rd2 Ne5 20. Bxe5 dxe5 21. Rfd1 Rxd2 22. Rxd2 g6 23. Qd1 Bc6 24. Nce2 b4 25. axb4 Bxb4 26. c3 Be7 27. Qa1 Bb5 28. b3 Bg5 29. Rd1 h5 30. c4 Be8 31. Nf1 f5 32. Nc3 Qb7 33. Qb1 Rb8 34. Nd2 Bxd2 35. Rxd2 Qxb3 36. Qxb3 Rxb3 37. Rc2 Rb4 38. Na2 Rb1+ 39. Rc1 Rxc1+ 40. Nxc1 fxe4 41. fxe4 Bc6 42. Kg1 Bxe4 43. g3 a5 44. Kf2 a4 45. Ke3 Bb1 46. Kd2 e4 47. Ne2 Bd3 48. Nc3 a3 49. Kc1 Bxc4 50. Nxe4 a2 51. Kb2 Kf8 52. Nc3 Ke7 53. Nxa2 Bxa2 54. Kxa2 Kf6 0-1

[Event "CAN-op"]
[Site "Edmonton CAN"]
[Date "2000.07.10"]
[Round "4"]
[White "Gemmell, Ian"]
[Black "Labik, Peter"]
[Result "1-0"]
[WhiteElo "1344"]
[BlackElo "1717"]
[PlyCount "103"]
[GameId "2160767911686352"]
[EventDate "2000.07.08"]
[EventType "swiss"]
[EventRounds "10"]
[EventCountry "CAN"]

1. f4 d5 2. Nf3 Nf6 3. e3 e6 4. b3 c5 5. Bb2 Nc6 6. Bb5 Bd7 7. d3 Bd6 8. O-O a6 9. Bxc6 Bxc6 10. Ne5 Bxe5 11. Bxe5 O-O 12. Nd2 d4 13. e4 b5 14. c4 Nd7 15. Qh5 Qe7 16. Bxg7 Kxg7 17. Nf3 Nf6 18. Qh3 Rg8 19. Nh4 Kh8 20. f5 e5 21. Rf3 Rg4 22. Raf1 Rag8 23. g3 bxc4 24. bxc4 R8g5 25. Kf2 Qb7 26. Re1 Ba4 27. Qf1 Bc2 28. Re2 Qb2 29. h3 Nxe4+ 30. dxe4 Rxe4 31. Rd2 Re3 32. Rxe3 dxe3+ 33. Kxe3 Rxg3+ 34. Kf2 Rd3 35. Qxd3 Bxd3 36. Rxb2 Bxc4 37. f6 h5 38. Rc2 Be6 39. Rxc5 Bxh3 40. Rxe5 Bg4 41. Ra5 Kh7 42. Rxa6 Kh6 43. Kg3 Kg5 44. a4 Be2 45. Rb6 Bc4 46. Nf3+ Kf5 47. Kh4 Bd5 48. Ng5 Bc4 49. Kxh5 Ke5 50. Kh6 Kd4 51. Kg7 Kc5 52. a5 1-0

[Event "CAN-op"]
[Site "Edmonton CAN"]
[Date "2000.07.10"]
[Round "4"]
[White "Goude, Brian"]
[Black "Mair, Bob"]
[Result "1-0"]
[WhiteElo "1868"]
[BlackElo "1695"]
[PlyCount "57"]
[GameId "2160767911686353"]
[EventDate "2000.07.08"]
[EventType "swiss"]
[EventRounds "10"]
[EventCountry "CAN"]

1. e4 Nf6 2. e5 Nd5 3. Bc4 e6 4. Nc3 Nb6 5. d3 Nxc4 6. dxc4 Nc6 7. Nf3 b6 8. Bg5 Be7 9. h4 Bb7 10. Qe2 h6 11. Bxe7 Qxe7 12. O-O-O O-O-O 13. Kb1 f5 14. h5 Qf7 15. Nh4 Ne7 16. f4 g5 17. Nf3 Qg7 18. Nb5 a6 19. Nd6+ cxd6 20. exd6 Nc6 21. Qe3 Kb8 22. Qxb6 Rc8 23. Rd3 Na5 24. Qxa5 Ka7 25. Rb3 Rb8 26. Qb6+ Ka8 27. Ra3 Qxb2+ 28. Qxb2 Bxf3 29. Rxa6# 1-0

[Event "CAN-op"]
[Site "Edmonton CAN"]
[Date "2000.07.10"]
[Round "4"]
[White "Hacatoglu, Kevork"]
[Black "Schulte, Oliver"]
[Result "0-1"]
[WhiteElo "2209"]
[BlackElo "2446"]
[PlyCount "52"]
[GameId "2160767911686354"]
[EventDate "2000.07.08"]
[EventType "swiss"]
[EventRounds "10"]
[EventCountry "CAN"]

1. e4 Nf6 2. e5 Nd5 3. c4 Nb6 4. a4 d6 5. a5 N6d7 6. e6 fxe6 7. d4 e5 8. Nf3 exd4 9. Nxd4 Nf6 10. Qf3 e5 11. Nf5 Bxf5 12. Qxf5 Nc6 13. Be3 g6 14. Qd3 Bg7 15. Nc3 O-O 16. Be2 e4 17. Nxe4 Nxe4 18. Qxe4 Bxb2 19. Rb1 Bc3+ 20. Kf1 Qf6 21. f3 Rae8 22. Qd5+ Kh8 23. Bh6 Rf7 24. Rc1 Re5 25. Qxf7 Qxf7 26. Rxc3 Qe7 0-1

[Event "CAN-op"]
[Site "Edmonton CAN"]
[Date "2000.07.10"]
[Round "4"]
[White "Hangartner, August"]
[Black "Lentini, Joseph"]
[Result "0-1"]
[WhiteElo "1896"]
[BlackElo "2153"]
[PlyCount "30"]
[GameId "2160767911686355"]
[EventDate "2000.07.08"]
[EventType "swiss"]
[EventRounds "10"]
[EventCountry "CAN"]

1. d4 Nf6 2. c4 g6 3. Nc3 d5 4. Bf4 Bg7 5. e3 O-O 6. cxd5 Nxd5 7. Nxd5 Qxd5 8. Bxc7 Nc6 9. Ne2 Bg4 10. Qb3 Qxb3 11. axb3 Be6 12. Nc1 Rac8 13. Bf4 Nb4 14. Bd3 Rxc1+ 15. Rxc1 Nxd3+ 0-1

[Event "CAN-op"]
[Site "Edmonton CAN"]
[Date "2000.07.10"]
[Round "4"]
[White "Harris, Greg"]
[Black "MacFarlane, Donald"]
[Result "1-0"]
[WhiteElo "1787"]
[BlackElo "1484"]
[PlyCount "81"]
[GameId "2160767911686356"]
[EventDate "2000.07.08"]
[EventType "swiss"]
[EventRounds "10"]
[EventCountry "CAN"]

1. e4 e5 2. f4 exf4 3. Nf3 Be7 4. Bc4 Bh4+ 5. Kf1 d6 6. Nc3 Bg4 7. d4 Qf6 8. Nd5 Qd8 9. Nxf4 c6 10. h3 Bd7 11. Qd3 b5 12. Bb3 c5 13. dxc5 dxc5 14. Bxf7+ Kf8 15. Be3 Bg5 16. Nxg5 Qf6 17. Bxc5+ Ne7 18. Bxe7+ Kxe7 19. Qg3 h6 20. e5 Qf5 21. Bg6 Qxg5 22. Nd5+ Kd8 23. Qxg5+ hxg5 24. Rd1 Kc8 25. Ne7+ Kc7 26. Be4 Nc6 27. Nxc6 Bxc6 28. Bxc6 Kxc6 29. Kf2 Rae8 30. Rhe1 Rhf8+ 31. Kg3 Rf5 32. e6 Rf6 33. e7 Rd6 34. Rxd6+ Kxd6 35. Kg4 Rxe7 36. Rxe7 Kxe7 37. Kxg5 Kf7 38. g4 g6 39. c3 a5 40. b3 Kg7 41. c4 1-0

[Event "CAN-op"]
[Site "Edmonton CAN"]
[Date "2000.07.10"]
[Round "4"]
[White "Hellsten, Ole"]
[Black "Grumic, Sasha"]
[Result "1-0"]
[WhiteElo "1979"]
[BlackElo "2233"]
[PlyCount "59"]
[GameId "2160767911686357"]
[EventDate "2000.07.08"]
[EventType "swiss"]
[EventRounds "10"]
[EventCountry "CAN"]

1. d4 Nf6 2. Nf3 g6 3. c4 Bg7 4. Nc3 O-O 5. e4 d6 6. Be2 e5 7. dxe5 dxe5 8. Qxd8 Rxd8 9. Nd5 Nxd5 10. cxd5 c6 11. Bc4 h6 12. Bd2 b5 13. Bb3 c5 14. Bc3 Nd7 15. O-O a5 16. a3 Bb7 17. Bc2 b4 18. Bd2 Kf8 19. Rfc1 Ke7 20. Bd3 Kd6 21. Be3 Rdc8 22. Nd2 Bf8 23. Bb5 Nb6 24. axb4 axb4 25. Rxa8 Nxa8 26. Nc4+ Kc7 27. Nxe5 Kb6 28. Ba4 Bg7 29. f4 f5 30. Bd7 1-0

[Event "CAN-op"]
[Site "Edmonton CAN"]
[Date "2000.07.10"]
[Round "4"]
[White "Hinds, Riana"]
[Black "Osthoff, Dieter"]
[Result "1/2-1/2"]
[WhiteElo "1295"]
[BlackElo "1610"]
[PlyCount "75"]
[GameId "2160767911686358"]
[EventDate "2000.07.08"]
[EventType "swiss"]
[EventRounds "10"]
[EventCountry "CAN"]

1. e4 e5 2. Nf3 d6 3. Nc3 Nf6 4. d4 Bg4 5. Bb5+ Nbd7 6. Bxd7+ Qxd7 7. Qd3 Bxf3 8. Qxf3 exd4 9. Ne2 c5 10. O-O Be7 11. h3 Qc6 12. Qg3 g6 13. f3 O-O-O 14. Bg5 Qc7 15. Bxf6 Bxf6 16. Nf4 d5 17. Qg4+ Kb8 18. Nxd5 Qd6 19. Nxf6 Qxf6 20. b3 Ka8 21. Qg3 Rd7 22. Rad1 Rhd8 23. Rd3 Qe7 24. Rfd1 a6 25. Qe1 Ka7 26. c3 Qe5 27. cxd4 Rxd4 28. Qc3 f6 29. Rxd4 Rxd4 30. Rxd4 Qxd4+ 31. Qxd4 cxd4 32. Kf1 Kb6 33. Ke2 Kc5 34. Kd3 a5 35. g4 g5 36. a3 b5 37. Kd2 h6 38. Kd3 1/2-1/2